| 000 | 00860nam a2200265Ia 4500 | ||
|---|---|---|---|
| 003 | OSt | ||
| 005 | 20221005042706.0 | ||
| 006 | a|||||r|||| 00| 0 | ||
| 007 | ta | ||
| 008 | 221004b |||||||| |||| 00| 0 eng d | ||
| 020 |
_a9781844657148 (pbk) _c2092.55 |
||
| 024 | _a9222 | ||
| 037 |
_bCBS/225, 18/02/2014, Classic Book Service _cTextual |
||
| 040 |
_aCRL _cCRL _beng |
||
| 041 |
_2eng _aeng |
||
| 082 | _aDelta, Q3 | ||
| 100 |
_aSutcliffe Steven J. Ed. _9590763 |
||
| 245 | 0 |
_aNew age spirituality _b Rethinking religion |
|
| 260 |
_aDurham _bAcumen U.S.A _c2013 |
||
| 300 |
_avi, 298p. _ccm. |
||
| 650 | _aSPIRITUALISM | ||
| 700 |
_a Gilhus Ingvild Saelid Ed. _9590764 |
||
| 942 |
_hDelta, Q3 _cTEXL _2cc |
||
| 999 |
_c950696 _d950696 |
||